Desatoro kompetentného manažéra

Ciele manažmentu ako vedy. Manažment v kríze. Charakteristika kompetentného manažéra. Hodnota kompetentnosti manažéra.

Salvato in:
Dettagli Bibliografici
Autore principale: Porvazník, Ján
Natura: Capitolo di libro
Lingua:slovacco
Soggetti:
Tags: Aggiungi Tag
Nessun Tag, puoi essere il primo ad aggiungerne!!

MARC

LEADER 00000naa$a2200000$$$4500
001 0041022
005 20240502071509.9
041 0 |a slo 
044 |a SK 
245 1 0 |a Desatoro kompetentného manažéra  |c Ján Porvazník 
520 |a Ciele manažmentu ako vedy. Manažment v kríze. Charakteristika kompetentného manažéra. Hodnota kompetentnosti manažéra. 
610 2 0 |a manažéri 
610 2 0 |a manažerizmus 
610 2 0 |a manažment 
610 2 0 |a autorita 
610 2 0 |a vedenie ľudí 
610 2 0 |a kompetencie 
610 2 0 |a komunikácia manažérska 
100 1 |a Porvazník, Ján